Poistný systém

Transformácia sociálnej sféry v SR - prechod od štátneho sociálneho zabezpečenia k priorite sociálneho poistenia. Zákony, ktoré upravujú problematiku financovania zdravotného, nemocenského a dôchodkového poistenia. Zákon o zriadení Národnej poisťovne. Vytvorenie Fondu zdravotného poistenia, Fondu ne...

Ausführliche Beschreibung

Gespeichert in:
Bibliographische Detailangaben
1. Verfasser: Matlák, Ján
Format: Buchkapitel
Sprache:Slowakisch
Schlagworte:
Tags: Tag hinzufügen
Keine Tags, Fügen Sie das erste Tag hinzu!

MARC

LEADER 00000naa a2200000 4500
001 r015694
005 20221205090837.2
041 0 |a slo 
044 |a SK 
245 1 0 |a Poistný systém  |c Ján Matlák 
520 |a Transformácia sociálnej sféry v SR - prechod od štátneho sociálneho zabezpečenia k priorite sociálneho poistenia. Zákony, ktoré upravujú problematiku financovania zdravotného, nemocenského a dôchodkového poistenia. Zákon o zriadení Národnej poisťovne. Vytvorenie Fondu zdravotného poistenia, Fondu nemocenského poistenia, Fondu dôchodkového poistenia. Služby a dávky poskytované v rámci jednotlivých fondov. Platenie poistného zamestnancami, zamestnávateľmi, samostatne zárobkovo činnými osobami. 
610 2 0 |a politika sociálna 
610 2 0 |a transformácia 
610 2 0 |a Slovensko 
610 2 0 |a zabezpečenie sociálne 
610 2 0 |a poistenie sociálne 
610 2 0 |a fond poistenia dôchodkového 
610 2 0 |a fond poistenia nemocenského 
610 2 0 |a fond poistenia zdravotného 
610 2 0 |a poistné 
610 2 0 |a poistenie 
100 1 |a Matlák, Ján